Southville International School and Colleges
Your cart is empty.
  • Cart
  • Lists
    Public lists Eva Luna New books Lux_list list_1
    Your lists Log in to create your own lists
  • Log in to your account
  • Your cookies
  • Search history
Southville International School and Colleges
  • Advanced search
  • Recent comments
  • Most popular
  • Libraries

Log in to your account

Log in with GOOGLE


If you do not have an external account, but do have a local account, you can still log in:

  1. Home
  2. MARC view: English a :
Normal view MARC view ISBD view

English a : (Record no. 283741)

[ view plain ]
MARC details
000 -LEADER
fixed length control field 00804nam a22002177a 4500
003 - CONTROL NUMBER IDENTIFIER
control field PILC
005 - DATE AND TIME OF LATEST TRANSACTION
control field 20170607085655.0
008 - FIXED-LENGTH DATA ELEMENTS--GENERAL INFORMATION
fixed length control field 150306b xxu||||| |||| 00| 0 eng d
020 ## - INTERNATIONAL STANDARD BOOK NUMBER
International Standard Book Number 9780199129713
050 ## - LIBRARY OF CONGRESS CALL NUMBER
Classification number LB 2352 .Al438 2013
100 ## - MAIN ENTRY--PERSONAL NAME
Personal name Allison, Rob
245 ## - TITLE STATEMENT
Title English a :
Remainder of title language and literature for the IB diploma /
Statement of responsibility, etc Rob Allison and Brian Chanen
260 ## - PUBLICATION, DISTRIBUTION, ETC. (IMPRINT)
Place of publication, distribution, etc United Kingdom
Name of publisher, distributor, etc Oxford University Press
Date of publication, distribution, etc 2013
300 ## - PHYSICAL DESCRIPTION
Extent 208 pages :
Dimensions 28 cm.
Other physical details illustrations ;
440 ## - SERIES STATEMENT/ADDED ENTRY--TITLE
Title Oxford IB skills and practice
504 ## - BIBLIOGRAPHY, ETC. NOTE
Bibliography, etc Includes index.
650 ## - SUBJECT ADDED ENTRY--TOPICAL TERM
Source of heading or term Library of Congress Subject Headings
Topical term or geographic name as entry element English language
Form subdivision Examinations
General subdivision Study guides
650 ## - SUBJECT ADDED ENTRY--TOPICAL TERM
Source of heading or term Library of Congress Subject Headings
Topical term or geographic name as entry element English literature
Form subdivision Examinations
General subdivision Study guides
700 ## - ADDED ENTRY--PERSONAL NAME
Personal name Chanen, Brian
942 ## - ADDED ENTRY ELEMENTS (KOHA)
Source of classification or shelving scheme Library of Congress Classification
Koha item type Books
Holdings
Withdrawn status Lost status Source of classification or shelving scheme Damaged status Home library Current library Shelving location Date acquired Sub Shelving location Total Checkouts Total Renewals Full call number Barcode Date last seen Date checked out Price effective from Koha item type Source of acquisition
    Library of Congress Classification   Luxembourg Library Luxembourg Library International Baccalaureate Section 03/06/2015   7 11 LB 2352 .Al438 2013 IB0184 10/11/2024 10/04/2024 03/06/2015 Books  
    Library of Congress Classification   Luxembourg Library Luxembourg Library International Baccalaureate Section 03/06/2015   5 26 LB 2352 .Al438 2013 IB0183 02/16/2026 08/19/2025 03/06/2015 Books  
    Library of Congress Classification   Luxembourg Library Luxembourg Library International Baccalaureate Section 06/07/2017   4 4 LB 2352 .Al438 2013 IB0247 12/03/2021 02/06/2020 06/07/2017 Books Library Fund

English a :

APA

Allison R., Chanen B., . (2013). English a. United Kingdom: Oxford University Press.

Chicago

Allison Rob, Chanen Brian, . 2013. English a. United Kingdom: Oxford University Press.

Harvard

Allison R., Chanen B., . (2013). English a. United Kingdom: Oxford University Press.

MLA

Allison Rob, Chanen Brian, . English a. United Kingdom: Oxford University Press. 2013.

  • Place hold
  • Print
  • Cite
  • Add to your cart (remove)
  • Save record
    BIBTEX Dublin Core MARCXML MARC (non-Unicode/MARC-8) MARC (Unicode/UTF-8) MARC (Unicode/UTF-8, Standard) MODS (XML) RIS
  • More searches
    Search for this title in:
    Other Libraries (WorldCat) Other Databases (Google Scholar) Online Stores (Bookfinder.com) Open Library (openlibrary.org)

Exporting to Dublin Core...

SOUTHVILLE LIBRARY

Southville International School and Colleges Library

1281 Tropical Ave. Cor. Luxembourg St., BF Homes International, Las Pinas City

Tel. No. 8256374 / 252358 Loc. 117/146

Powered by Koha